000 00670nam a2200193Ia 4500
003 GCL
008 140319s9999 xx 000 0 ara d
040 _aGCL /
_cGCL
082 0 4 _a001.6404
_bم م
100 1 _aمظهر طايل
245 1 0 _aالميكروبروسيسور :
_bالمكونات - المعمار- البرمجيات /
_cمظهر طايل
260 _aبيروت :
_bدار الراتب الجامعية ،
_c1985
300 _a355 ص ؛
_c24 سم
490 _a
650 0 4 _aالحاسبات الالكترونية
650 0 4 _aالميكروكمبيوتر
650 0 4 _aالحاسبات الالكترونية - برامج
942 _2ddc
_cBK
999 _c52375
_d52375